00295nam a2200121Ia 45000030006000000080041000060400015000471000020000622450028000822600034001105460012001440050017001560STCL150530s9999 xx 000 0 und d aSTCLcSTCL aHazlitt William aShakespeare workmanship bOxford University pressc1952 aEnglish20220125170959.0